| 000 | 00613nam a2200241Ia 4500 | ||
|---|---|---|---|
| 003 | OSt | ||
| 005 | 20241024104716.0 | ||
| 008 | 210329s9999||||xx |||||||||||||| ||und|| | ||
| 020 | _a0345327195 | ||
| 040 | _cSTCPL | ||
| 041 | _aENG | ||
| 082 |
_a158.9 _bERI-G |
||
| 100 | _aBerne, Eric | ||
| 245 | 0 |
_aGames people play / _cby Eric Berne |
|
| 260 |
_aNew York : _bBallantine Books , _c1973 . |
||
| 300 |
_a192 p. _bPB |
||
| 650 | _aApplied psychology | ||
| 650 | _aPsychology of human relationships | ||
| 650 | _aTransactional analysis | ||
| 650 | _aPersonal improvement | ||
| 942 | _cBK | ||
| 942 | _2ddc | ||
| 999 |
_c41778 _d41778 |
||